000 00532nam a22001817a 4500
003 UA-OsUOA
001 12498
007 ta
008 20050518b un ||||| |||| 00| 0 ukr d
100 _aГуменюк В.
942 _cSA
040 _aUA-OsUOA
_cUA-OsUOA
_dUA-OsUOA
245 _aТворчість Павла Тичини в контексті мистецьких віянь його доби
300 _aС.56-60
955 _a0
773 0 _w0
_tДивослово
_dКиїв
_d2005
_g№5
650 7 _aТичина П.
_2UDC
999 _c298659
_d298659